Pinocchio - When You Wish Upon a Star Lyrics - Statistics

General Stats
  • This quiz has been taken 130 times
  • The average score is 131 of 184
Answer Stats
Answer % Correct
a
100%
star
100%
upon
100%
When
100%
wish
100%
you
100%
are
94%
who
94%
come
92%
no
90%
No
90%
your
90%
Your
90%
dream
89%
make
86%
difference
84%
Makes
82%
to
82%
Will
78%
heart
77%
is
77%
true
77%
in
74%
dreams
69%
If
69%
desires
68%
The
67%
the
67%
too
67%
extreme
64%
Anything
63%
do
61%
of
58%
request
58%
As
53%
Like
52%
blue
50%
out
50%
dreamers
46%
Fate
46%
love
43%
kind
42%
She
42%
those
42%
it
41%
brings
39%
longing
38%
sweet
38%
bolt
36%
secret
33%
fulfillment
31%
Their
30%
One
20%
comes
19%
born
17%
this
16%
They
13%
have
10%
them
10%
or
9%
power
8%
gift
7%
two
7%
possess
6%
Suddenly
1%
No matching quizzes found
Score Distribution
Percent of People with Each Score
Percentile by Number Answered
Your Score History
You have not taken this quiz